Lessons in danger
Gespeichert in:
| Format: | Buch |
|---|---|
| Sprache: | Englisch |
| Veröffentlicht: |
Paris
OECD
2005
|
| Schriftenreihe: | School safety and security
|
| Schlagworte: | |
| Tags: |
Keine Tags, Fügen Sie das erste Tag hinzu!
|
MARC
| LEADER | 00000nam$a2200000$$$4500 | ||
|---|---|---|---|
| 001 | 0027568 | ||
| 005 | 20240104134128.7 | ||
| 020 | |a 92-64-01739-9 | ||
| 041 | 0 | |a eng | |
| 044 | |a FR | ||
| 245 | 1 | 0 | |a Lessons in danger |
| 264 | 1 | |a Paris |b OECD |c 2005 | |
| 300 | |a 168 s. | ||
| 490 | 1 | |a School safety and security | |
| 830 | 0 | |a School safety and security | |
| 610 | 2 | 0 | |a školstvo |
| 610 | 2 | 0 | |a riziko |
| 610 | 2 | 0 | |a bezpečnosť |
| 610 | 2 | 0 | |a porovnanie medzinárodné |
| 610 | 2 | 0 | |a svet |
| 610 | 2 | 0 | |a školy |
| 610 | 2 | 0 | |a vzdelávanie |